| 000 | 01089nmc a2200361 a 4500 | ||
|---|---|---|---|
| 003 | AR-BaBNM | ||
| 005 | 20251128210946.0 | ||
| 008 | 011101s2000 ||||||||||||||000 | spa|| | ||
| 020 | _a84-7112-436-X | ||
| 040 | _cAR-BaBNM | ||
| 100 | 1 | _aWray, David | |
| 245 | 1 | 0 | _aAprender a leer y escribir textos de información |
| 260 |
_aMadrid _bMorata _c2000 |
||
| 300 | 0 |
_a190 p. _bgráf., tablas |
|
| 490 | 0 | _aPedadogía. Manuales | |
| 500 | 0 | _aContiene índice de autores y materias | |
| 504 | _aContiene referencias bibliográficas p. 181-184 | ||
| 650 | 4 | _aENSENANZA DE LA LECTURA | |
| 650 | 4 | _aENSENANZA DE LA ESCRITURA | |
| 650 | 4 | _aPROCESO DE APRENDIZAJE | |
| 650 | 4 | _aBUSQUEDA DE INFORMACION | |
| 650 | 4 | _aDIFUSION DE LA INFORMACION | |
| 650 | 4 | _aESTUDIOS DE CASOS | |
| 653 | 0 | _aENSENANZA DE LA LENGUA | |
| 653 | 0 | _aTIPOS DE TEXTOS | |
| 653 | 0 | _aESTRATEGIAS DIDACTICAS | |
| 653 | 0 | _aPROYECTOS DE AULA | |
| 653 | 0 | _aADAPTACIONES CURRICULARES | |
| 653 | 0 | _aCOMPRENSION LECTORA | |
| 700 | 1 | _aLewis, Maureen | |
| 700 | 1 |
_aFilella, Roc _etraductor |
|
| 942 | _cBK | ||
| 999 |
_c17638 _d17638 |
||